| 000 | 00452nam a22001577a 4500 | ||
|---|---|---|---|
| 003 | GBCCL | ||
| 005 | 20251201135445.0 | ||
| 008 | 180702b ||||| |||| 00| 0 eng d | ||
| 040 | _cgbc | ||
| 082 |
_aVER 220.5954 _bPAI 1 |
||
| 245 |
_aLaisiangthou: _bThukhun Lui leh Thukhun Thak kigawm |
||
| 260 |
_aBangalore: _bBible Society of India, _c1983, 1984 |
||
| 300 |
_a973, 307 p.; _bmap., pics., _c20 cm. |
||
| 650 |
_aBible _xPaite _912292 |
||
| 942 |
_2ddc _cREF |
||
| 999 |
_c6875 _d6875 |
||